000 00683nam a2200217Ii 4500
003 JO-AjNU
008 230606s9999||||xx |||||||||||||| ||und||
020 _a978-0-415-46102-3
040 _aJO-AjNU
_beng
_erda
_cJO-AjNU
041 _aeng
050 1 4 _aTA646.K56 2010
100 3 _aPerry, john/Chan ghee koh,
_eauthor
_94747
245 0 0 _aStructural identification and damage detection using genetic algorithms
264 3 1 _aNew York :CRC press ,2010
300 _a144P
336 _atext
_btxt
_2rdacontent
337 _aunmediated
_bn
_2rdamedia
338 _avolume
_bnc
_2rdacarrier
490 0 _aStructures and infrastructures series
650 4 _agenetic algorithms
_94748
999 _aE2459
_c2457
_d2457